| 000 | 00956nam a22003017a 4500 | ||
|---|---|---|---|
| 999 |
_c33789 _d33789 |
||
| 001 | 3082 | ||
| 003 | CO-MdFUSB | ||
| 005 | 20180622073130.0 | ||
| 008 | 180503t1992 xxu||||| |||| 00| 0 eng d | ||
| 020 | _a0-943575-95-8 | ||
| 040 |
_aCO-MdFUSB _bspa _cCO-MdFUSB _dCO-MdFUSBC _erda |
||
| 041 | 0 | _aeng | |
| 082 | 0 | 4 | _aG 229 S214n |
| 100 | 1 |
_aEvans, Craig A. _eautor |
|
| 245 | 0 |
_aNoncanonical writings and New Testament interpretation _c / Carig A. Evans |
|
| 250 | _a2 | ||
| 264 | 4 |
_aPeabody, Massachusetts : _bHendrickson, _c©1992 |
|
| 300 | _axv, 281 Pag. | ||
| 336 |
_2rdacontent _atexto _btxt |
||
| 337 |
_2rdamedia _asin mediación _bn |
||
| 338 |
_2rdacarrier _avolumen _bnc |
||
| 650 | 7 |
_aLibros sagrados _927 |
|
| 653 | _aBiblia N.T. - Paralelos extracanónicos | ||
| 653 | _aManuscritos del mar muerto | ||
| 653 | _aInterpretación de libros apócrifos | ||
| 653 | _aLiteratura religiosa - Relación con el Nuevo Testamento | ||
| 942 | _cBK | ||